Manchester United - kadra w sezonie 2013/14 - Statystyki

Ogólne statystyki
  • Ten quiz został rozwiązany 16 razy
  • Średni wynik to 23 z 30
Statystyki odpowiedzi
Hint Odpowiedź % Poprawnych
8 Pomocnik Brazylia Anderson
100%
25 Pomocnik Ekwador Antonio Valencia
100%
1 Bramkarz Hiszpania David de Gea
100%
14 Napastnik Meksyk Javier Hernández
100%
15 Obrońca Serbia Nemanja Vidić
100%
3 Obrońca Francja Patrice Evra
100%
20 Napastnik Holandia Robin van Persie
100%
10 Napastnik Anglia Wayne Rooney
100%
6 Obrońca Irlandia Pólnocna Jonny Evans
92%
8 Pomocnik Hiszpania Juan Mata
92%
17 Pomocnik Portugalia Nani
92%
5 Obrońca Anglia Rio Ferdinand
92%
11 Pomocnik Walia Ryan Giggs
92%
26 Pomocnik Japonia Shinji Kagawa
92%
12 Obrońca Anglia Chris Smalling
85%
31 Pomocnik Belgia Marouane Fellaini
85%
4 Obrońca Anglia Phil Jones
85%
2 Obrońca Brazylia Rafael
85%
24 Pomocnik Szkocja Darren Fletcher
77%
16 Pomocnik Anglia Michael Carrick
77%
18 Pomocnik Anglia Ashley Young
69%
22 Obrońca Brazylia Fábio
69%
44 Pomocnik Belgia Adnan Januzaj
62%
13 Bramkarz Dania Anders Lindegaard
62%
19 Napastnik Anglia Danny Welbeck
54%
23 Pomocnik Anglia Tom Cleverley
46%
28 Obrońca Holandia Alexander Büttner
38%
47 Napastnik Anglia James Wilson
38%
29 Napastnik Anglia Wilfried Zaha
23%
34 Pomocnik Walia Tom Lawrence
0%
Nie znaleziono quizów pasujących do podanych kryteriów
Rozkład punktacji
Procent ludzi z każdym wynikiem
Percentyl według liczby udzielonych odpowiedzi
Twoja historia wyników
Nie rozwiązałeś tego quizu